000 01437nam a2200361 c 4500
003 BLK
005 20241105110547.0
008 180408b bul|||||r ||||||| ||bul||
010 _aKNG00079887000
020 _a978-954-09-0001-8
_bиздат.: Захарий Стоянов - на том(т. 1)
040 _aBLK
041 _aBUL
_cBUL
080 _aБългарска литература
_b821.163.2
_x-2
_z821.163.2-2
100 _aИлиев, Константин Илиев
_d1937-
_9407884
139 _aИлиев, Константин Илиев
_bИ 52
245 1 0 _aПиеси
_bТ. 1 -
_cКонстантин Илиев Илиев.
_nТ. 1
_pБосилек за Драгинко
257 _aBGR
260 София
_c2007 -
_fСофия : УИ Св. Кл. Охридски
300 _c21 см
380 _aX
500 _aОфс. изд.
505 _g
_r
_tПрез октомври без теб
505 _g
_r
_tЦар Шушумига
505 _g
_r
_tМузика от Шатровец
653 _aпиеси
760 1 _3- на том(т. 1)
_aИлиев, Константин Илиев
_dЗахарий Стоянов, 2007
_h383 с.
_tТ. 1 Босилек за Драгинко
852 _aЦб 237363
856 4 _qpdf
_u
856 4 _qpdf
_u
942 _cKNG
_n0
_02
944 _aCR
_c03.12.2007
_k30542
_lРусанова Ирена
944 _aED
_c27.06.2008
_k
999 _c75471
_d75471